Normal view MARC view

Entry Personal Name

Number of records used in: 2

001 - CONTROL NUMBER

  • control field: 208339

003 - CONTROL NUMBER IDENTIFIER

  • control field: MY-SjTCS

005 - DATE AND TIME OF LATEST TRANSACTION

  • control field: 20200306154209.0

008 - FIXED-LENGTH DATA ELEMENTS

  • fixed length control field: 200306|| aca||aabn | a|a d

040 ## - CATALOGING SOURCE

  • Original cataloging agency: MY-SjTCS
  • Transcribing agency: MY-SjTCS

100 ## - HEADING--PERSONAL NAME

  • Personal name: Hill, Jimmie.

670 ## - SOURCE DATA FOUND

  • Source citation: Work cat.: (MY-SjTCS)26083: Watson-Delestrée, Anne. 20704, The working week :, c1998